Logo BPK

Biblioteka

Politechniki Koszalińskiej

Matrix : (Rekord nr 48990)

Szczegóły MARC
000 -ETYKIETA REKORDU
podpole kontrolne o stałej długości 00722nam a2200253 i 4500
001 - NUMER KONTROLNY REKORDU
pole kontrolne bgj
020 ## - MIĘDZYNARODOWY ZNORMALIZOWANY NUMER KSIĄŻKI - ISBN
ISBN 0194630064
040 ## - ŹRÓDŁO KATALOGOWANIA
Instytucja, która utworzyła rekord BPK
041 0# - KOD JĘZYKA
Kod języka tekstu eng
920 ## - Międzynarodowy znormalizowany numer książki – ISBN
ISBN 0-19-463006-4
008 - POLE O STAŁEJ DŁUGOŚCI - DANE KONTROLNE
podpole kontrolne o stałej długości s uk f |000 0 eng
100 1# - NAZWA OSOBOWA
Nazwa osobowa CAMPBELL, Colin
245 10 - TYTUŁ/ODPOWIEDZIALNOŚĆ
Tytuł Matrix :
Ciąg dalszy tytułu pre-intermediate : plus : teacher's book /
Pozostałe elementy strefy tytułu i oznaczenia odpowiedzialności Colin Campbell [et al.].
260 ## - STREFA ADRESU WYDAWNICZEGO
Miejsce wydania Oxford :
Nazwa wydawcy/dystrybutora Oxford University Press,
Data publikacji, dystrybucji/powstania dokumentu 2005.
300 ## - STREFA OPISU FIZYCZNEGO
Objętość 63 pp :
Inne cechy fizyczne ill. ;
Rozmiary 30 cm.
490 1# - STREFA SERII I DOKUMENTU WIELOCZĘŚCIOWEGO - FORMA NIE DO WYSZUKIWANIA
Tytuł i oznaczenie odpowiedzialności serii New Matura
650 #9 - HASŁO PRZEDMIOTOWE W FORMIE NAZWY OGÓLNEJ LUB JEDNOSTKOWEJ
Nazwa ogólna lub geograficzna English language
655 ## - TERMIN INDEKSOWY - OKREŚLENIE RODZAJU/FORMY DOKUMENTU
Określenie rodzaju/formy dokumentu Textbooks for foreigners
700 1# - HASŁO DODATKOWE - NAZWA OSOBOWA
Nazwa osobowa RODGER, Shona.
Określenie związku między hasłem a opisywanym materiałem co-author
700 1# - HASŁO DODATKOWE - NAZWA OSOBOWA
Nazwa osobowa GUDE, Kathy.
Określenie związku między hasłem a opisywanym materiałem co-author
700 1# - HASŁO DODATKOWE - NAZWA OSOBOWA
Nazwa osobowa DUCKWORTH, Michael.
Określenie związku między hasłem a opisywanym materiałem co-author
830 ## - HASŁO DODATKOWE SERII LUB DOKUMENTU WIELOCZĘŚCIOWEGO - TYTUŁ UJEDNOLICONY
Tytuł ujednolicony New Matura
942 ## - DODATKOWE ELEMENTY (KOHA)
Typ dokumentu Książka
Egzemplarze
Wycofany Status egzemplarza Uszkodzony Dostępność Lokalizacja stała Lokalizacja bieżąca Miejsce przechowywania Sygnatura Kod kreskowy Typ dokumentu
      Dostępny Biblioteka Politechniki Koszalińskiej Biblioteka Politechniki Koszalińskiej Wypożyczalnia Językowa KA 6369 09047549 Książka
© 2023 Biblioteka Politechniki Koszalińskiej :: KOHA